[Event "27th Klatovy B 2019"]
[Site "Klatovy CZE"]
[Date "2019.06.30"]
[Round "2.61"]
[White "Cervenka, Jakub"]
[Black "Vilasek, Martin"]
[Result "1-0"]
[WhiteElo "1396"]
[BlackElo "1063"]
[PlyCount "71"]
[EventDate "2019.06.29"]
[EventType "swiss"]
[EventRounds "9"]
[EventCountry "CZE"]

1. e4 e5 2. Nf3 Nc6 3. d4 exd4 4. Nxd4 Nxd4 5. Qxd4 Nf6 6. Bg5 h6 7. Bh4 Be7 8. e5 Nh7 9. Bxe7 Qxe7 10. Be2 O-O 11. O-O d6 12. f4 Bf5 13. c3 b6 14. Rf3 Bg4 15. Re3 Bxe2 16. Rxe2 Nf6 17. Re3 Nh7 18. Rg3 f6 19. Nd2 fxe5 20. fxe5 dxe5 21. Qd5+ Kh8 22. Nf3 e4 23. Ne5 Qf6 24. Ng6+ Qxg6 25. Rxg6 Rfd8 26. Qe5 Rg8 27. Rxh6 Rgf8 28. Rh4 Rf6 29. Rd1 Raf8 30. Qxe4 Kg8 31. Qxh7+ Kf7 32. Rf1 c5 33. Rxf6+ Kxf6 34. Rf4+ Ke7 35. Qxg7+ Ke8 36. Rxf8# 1-0

[Event "27th Klatovy B 2019"]
[Site "Klatovy CZE"]
[Date "2019.06.30"]
[Round "2.62"]
[White "Souralova, Venuse"]
[Black "Nova, Anezka"]
[Result "1-0"]
[WhiteElo "1391"]
[BlackElo "1044"]
[PlyCount "63"]
[EventDate "2019.06.29"]
[EventType "swiss"]
[EventRounds "9"]
[EventCountry "CZE"]

1. c4 e5 2. Nc3 Nf6 3. d3 d5 4. cxd5 Nxd5 5. Nf3 Bd6 6. Nxd5 O-O 7. g3 Be6 8. Nc3 Nc6 9. Bg2 Qd7 10. O-O Rfe8 11. a3 Rad8 12. b4 Re7 13. Ne4 Bd5 14. Bg5 f6 15. Bxf6 Bxe4 16. Bxe7 Qxe7 17. dxe4 Kh8 18. Qb3 h6 19. e3 Rf8 20. Nh4 Qf6 21. Nf5 Be7 22. Nxe7 Qxe7 23. Rad1 Re8 24. Bh3 Qf8 25. Rd7 Kh7 26. Bf5+ Kh8 27. Rfd1 Rc8 28. Rf7 Qg8 29. Bxc8 Qxc8 30. Rdd7 Qg8 31. Rxc7 a6 32. Qd5 1-0

[Event "27th Klatovy B 2019"]
[Site "Klatovy CZE"]
[Date "2019.06.30"]
[Round "2.63"]
[White "Batek, Tomas"]
[Black "Gacho, Ondrej"]
[Result "0-1"]
[WhiteElo "1052"]
[BlackElo "1384"]
[PlyCount "66"]
[EventDate "2019.06.29"]
[EventType "swiss"]
[EventRounds "9"]
[EventCountry "CZE"]

1. e4 e5 2. Nf3 Nf6 3. Bc4 Bc5 4. d4 exd4 5. e5 Ng8 6. c3 dxc3 7. Bxf7+ Kxf7 8. Qd5+ Ke8 9. Qxc5 Ne7 10. Qxc3 Nbc6 11. O-O d5 12. exd6 Qxd6 13. Qxg7 Rg8 14. Qxh7 Bg4 15. Nbd2 Bf5 16. Qh5+ Kd7 17. Nc4 Qe6 18. Rd1+ Nd5 19. g3 Rh8 20. Nfe5+ Nxe5 21. Nxe5+ Qxe5 22. Qf7+ Kc6 23. Rxd5 Qxd5 24. Qf6+ Kd7 25. Qg7+ Ke6 26. Bf4 Rag8 27. Re1+ Be4 28. Qxc7 Rxh2 29. Rxe4+ Qxe4 30. Qd6+ Kf5 31. Qc5+ Kg4 32. Kxh2 Rh8+ 33. Kg1 Rh1# 0-1

[Event "27th Klatovy B 2019"]
[Site "Klatovy CZE"]
[Date "2019.06.30"]
[Round "2.64"]
[White "Berkovec, Josef"]
[Black "Hala, Matej"]
[Result "1-0"]
[WhiteElo "1380"]
[BlackElo "1014"]
[PlyCount "61"]
[EventDate "2019.06.29"]
[EventType "swiss"]
[EventRounds "9"]
[EventCountry "CZE"]

1. Nf3 Nc6 2. d4 d5 3. e3 Bf5 4. c3 Nf6 5. Nbd2 e6 6. Nh4 Be4 7. Nxe4 Nxe4 8. Nf3 Bd6 9. Bd3 Ng5 10. O-O O-O 11. Re1 Qf6 12. Nxg5 Qxg5 13. e4 Rae8 14. Bxg5 h6 15. Bh4 dxe4 16. Bxe4 a5 17. Bg3 e5 18. Bxc6 bxc6 19. Bxe5 Re7 20. Qg4 Bxe5 21. Rxe5 Rxe5 22. dxe5 Re8 23. f4 g6 24. Rd1 h5 25. Qd7 Rf8 26. Qxc7 h4 27. Rd7 a4 28. e6 fxe6 29. Rg7+ Kh8 30. Rh7+ Kg8 31. Qg7# 1-0

[Event "27th Klatovy B 2019"]
[Site "Klatovy CZE"]
[Date "2019.06.30"]
[Round "2.65"]
[White "Day, Sophia Olivia"]
[Black "Stanke, Vilem"]
[Result "0-1"]
[WhiteElo "1021"]
[BlackElo "1371"]
[PlyCount "80"]
[EventDate "2019.06.29"]
[EventType "swiss"]
[EventRounds "9"]
[EventCountry "CZE"]

1. e4 e5 2. Nf3 Nc6 3. Nc3 Nf6 4. d4 exd4 5. Nxd4 Bc5 6. Nxc6 bxc6 7. Bg5 h6 8. Bh4 g5 9. Bg3 d6 10. Be2 Rb8 11. Rb1 Bb4 12. Bd3 d5 13. Be5 O-O 14. Bxf6 Qxf6 15. O-O Bxc3 16. bxc3 Rxb1 17. Qxb1 Qxc3 18. Qd1 Re8 19. f3 Qb2 20. a4 Qd4+ 21. Kh1 Qxa4 22. Re1 Ba6 23. e5 Bxd3 24. Qxd3 Rxe5 25. Rb1 Qa5 26. c3 c5 27. h3 c4 28. Qd4 f6 29. Rb8+ Kg7 30. Rb1 c5 31. Qd2 d4 32. Rb8 Kg6 33. Qc2+ d3 34. Qc1 Re2 35. Rb7 Qa2 36. Qd1 Qd2 37. Qxd2 Rxd2 38. Rxa7 Rc2 39. Rd7 Rxc3 40. Kh2 Rc2 0-1

[Event "27th Klatovy B 2019"]
[Site "Klatovy CZE"]
[Date "2019.06.30"]
[Round "2.66"]
[White "Martinkova, Magdalena"]
[Black "Krmelova, Tereza"]
[Result "1-0"]
[WhiteElo "1359"]
[BlackElo "1000"]
[PlyCount "80"]
[EventDate "2019.06.29"]
[EventType "swiss"]
[EventRounds "9"]
[EventCountry "CZE"]

1. e4 e6 2. d4 d5 3. e5 c5 4. c3 Nc6 5. Nf3 Qb6 6. a3 cxd4 7. cxd4 g6 8. b4 a6 9. Be3 Nh6 10. Bd3 Nf5 11. O-O Bd7 12. Nc3 Nce7 13. Na4 Qc6 14. Nc5 Nxe3 15. fxe3 Nf5 16. Nxd7 Qxd7 17. Re1 Bh6 18. Bxf5 gxf5 19. Kf2 Rg8 20. Rc1 Rc8 21. Rc5 Rxc5 22. bxc5 Qb5 23. Qb1 f4 24. Qxb5+ axb5 25. exf4 Bxf4 26. g3 Bg5 27. Rb1 Kd7 28. Rxb5 Kc7 29. a4 Bd8 30. Nd2 Kc6 31. h3 h5 32. Nb3 Bc7 33. Na5+ Bxa5 34. Rxa5 Rb8 35. Rb5 b6 36. Rb3 Kc7 37. Ke2 Kc6 38. Kd2 b5 39. axb5+ Rxb5 40. Rxb5 Kxb5 1-0

[Event "27th Klatovy B 2019"]
[Site "Klatovy CZE"]
[Date "2019.06.30"]
[Round "2.67"]
[White "Skrivan, Matej 2008"]
[Black "Veverkova, Dorota"]
[Result "0-1"]
[WhiteElo "1012"]
[BlackElo "1348"]
[PlyCount "50"]
[EventDate "2019.06.29"]
[EventType "swiss"]
[EventRounds "9"]
[EventCountry "CZE"]

1. e4 c6 2. Bc4 d5 3. exd5 cxd5 4. Bb5+ Bd7 5. Bxd7+ Qxd7 6. Nf3 Nf6 7. Ne5 Qd8 8. O-O e6 9. d4 Bd6 10. Nf3 O-O 11. Bg5 h6 12. Bxf6 Qxf6 13. Nc3 Nd7 14. Nb5 Bf4 15. g3 a6 16. Nc3 Bc7 17. Re1 g5 18. Na4 b5 19. Nc5 Nxc5 20. dxc5 Rac8 21. b4 a5 22. bxa5 Bxa5 23. Ne5 Bxe1 24. Nd7 Qxf2+ 25. Kh1 Qf1# 0-1

[Event "27th Klatovy B 2019"]
[Site "Klatovy CZE"]
[Date "2019.06.30"]
[Round "2.68"]
[White "Vojir, Vaclav 2005"]
[Black "Slechta, Adam"]
[Result "1-0"]
[WhiteElo "1337"]
[BlackElo "1000"]
[PlyCount "77"]
[EventDate "2019.06.29"]
[EventType "swiss"]
[EventRounds "9"]
[EventCountry "CZE"]

1. c4 e5 2. Nc3 Nf6 3. g3 Bc5 4. Bg2 Nc6 5. d3 d6 6. Nf3 Bg4 7. O-O Qd7 8. Bg5 h6 9. Bxf6 gxf6 10. Nd5 O-O-O 11. Nxf6 Qf5 12. Nxg4 Qxg4 13. a3 b6 14. b4 Bd4 15. Nxd4 Qxd4 16. Bxc6 Rhg8 17. Qb3 Rdf8 18. a4 Kd8 19. a5 h5 20. axb6 Qxb6 21. b5 h4 22. Kg2 hxg3 23. hxg3 Rg7 24. Qa4 Ke7 25. Qxa7 Qxa7 26. Rxa7 Rh8 27. Rh1 Rc8 28. Bd5 f5 29. e3 Rg4 30. Rh7+ Kf6 31. Raxc7 Rcg8 32. Bxg8 Rxg8 33. f4 e4 34. Rc6 Kg6 35. Rd7 exd3 36. Rcxd6+ Kh5 37. Rh7+ Kg4 38. Rdh6 d2 39. Rh4# 1-0

[Event "27th Klatovy B 2019"]
[Site "Klatovy CZE"]
[Date "2019.07.01"]
[Round "3.1"]
[White "Masek, Jan"]
[Black "Skuthan, Radek"]
[Result "1-0"]
[WhiteElo "1905"]
[BlackElo "1702"]
[PlyCount "91"]
[EventDate "2019.06.29"]
[EventType "swiss"]
[EventRounds "9"]
[EventCountry "CZE"]

1. e4 c5 2. Nc3 Nc6 3. Bb5 e6 4. Bxc6 bxc6 5. d3 Ne7 6. b3 Ng6 7. f4 d5 8. Nge2 Qh4+ 9. g3 Qd8 10. Kf2 Be7 11. Na4 c4 12. dxc4 dxe4 13. Qxd8+ Bxd8 14. Ba3 e5 15. Bd6 exf4 16. Nxf4 Nxf4 17. gxf4 Be7 18. Bxe7 Kxe7 19. Nc5 f5 20. Rad1 Be6 21. Rd4 Rad8 22. Rhd1 Rxd4 23. Rxd4 Bc8 24. b4 Rd8 25. Ke3 Rxd4 26. Kxd4 Kd6 27. a4 Bd7 28. a5 Be8 29. Na4 Bd7 30. Nc3 Be8 31. Nd1 Bd7 32. Ne3 g6 33. h4 Be8 34. c3 Bf7 35. h5 Be6 36. h6 g5 37. fxg5 f4 38. Ng2 f3 39. Ne3 f2 40. Kxe4 Ke7 41. Kf3 Bxc4 42. Kxf2 Be6 43. Kg3 Kf7 44. Kf4 Kg6 45. Ng4 Bg8 46. Ne5+ 1-0

[Event "27th Klatovy B 2019"]
[Site "Klatovy CZE"]
[Date "2019.07.01"]
[Round "3.2"]
[White "Sova, Zdenek"]
[Black "Rezac, Jindrich"]
[Result "1/2-1/2"]
[WhiteElo "1687"]
[BlackElo "1787"]
[PlyCount "39"]
[EventDate "2019.06.29"]
[EventType "swiss"]
[EventRounds "9"]
[EventCountry "CZE"]

1. Nf3 c5 2. e4 d6 3. d4 cxd4 4. Nxd4 g6 5. b3 Bg7 6. Bb2 Qb6 7. c3 Nc6 8. Nxc6 Qxc6 9. Bd3 Bd7 10. O-O Rc8 11. Qe2 Nf6 12. c4 O-O 13. h3 a6 14. Nc3 e6 15. Rac1 Nh5 16. Qd2 Qc5 17. Ne2 Bxb2 18. Qxb2 Qg5 19. Rcd1 e5 20. Qd2 1/2-1/2

[Event "27th Klatovy B 2019"]
[Site "Klatovy CZE"]
[Date "2019.07.01"]
[Round "3.3"]
[White "Stanik, Michal"]
[Black "Vavrinek, Tomas"]
[Result "1-0"]
[WhiteElo "1782"]
[BlackElo "1686"]
[PlyCount "45"]
[EventDate "2019.06.29"]
[EventType "swiss"]
[EventRounds "9"]
[EventCountry "CZE"]

1. e4 c5 2. Nf3 Nc6 3. d4 cxd4 4. Nxd4 Nf6 5. Nc3 e5 6. Ndb5 d6 7. Bg5 a6 8. Na3 Be7 9. Bxf6 Bxf6 10. Nd5 O-O 11. c3 b5 12. Nc2 Bb7 13. Bd3 Bg5 14. h4 Bh6 15. g4 g6 16. g5 Bg7 17. Nce3 Ne7 18. Nf6+ Kh8 19. Neg4 d5 20. h5 dxe4 21. hxg6 Bxf6 22. Nxf6 Kg7 23. Qh5 1-0

[Event "27th Klatovy B 2019"]
[Site "Klatovy CZE"]
[Date "2019.07.01"]
[Round "3.4"]
[White "Blazek, Pavel 1974"]
[Black "Roskovec, Bedrich"]
[Result "0-1"]
[WhiteElo "1745"]
[BlackElo "1597"]
[PlyCount "116"]
[EventDate "2019.06.29"]
[EventType "swiss"]
[EventRounds "9"]
[EventCountry "CZE"]

1. e4 e6 2. a3 d5 3. Nc3 Nf6 4. Qf3 dxe4 5. Nxe4 Nxe4 6. Qxe4 Qd5 7. f3 Be7 8. Bc4 Qxe4+ 9. fxe4 Nc6 10. Nf3 Bc5 11. c3 O-O 12. d4 Be7 13. Bf4 Bd8 14. O-O Ne7 15. Rf2 a6 16. Raf1 b5 17. Ba2 Ng6 18. Ne5 Nxf4 19. Rxf4 f6 20. d5 g5 21. R4f3 Be7 22. Nc6 Bc5+ 23. Kh1 Kg7 24. b4 Bd6 25. Nd4 exd5 26. Bxd5 Rb8 27. Kg1 Bg4 28. R3f2 Rbe8 29. Bc6 Rd8 30. Bb7 c5 31. Nf5+ Bxf5 32. Rxf5 cxb4 33. cxb4 Be5 34. Bxa6 Ra8 35. Bxb5 Rxa3 36. Bc6 Rb3 37. b5 Rd8 38. Rc1 Rb2 39. Kf1 Rdd2 40. Rxe5 fxe5 41. h3 Rf2+ 42. Kg1 Rxg2+ 43. Kf1 Rh2 44. Kg1 Rxh3 45. Be8 Rg3+ 46. Kh1 Re3 47. Bc6 h5 48. Rf1 Ree2 49. Ra1 Ra2 50. Rd1 Red2 51. Rb1 g4 52. b6 Rab2 53. Rxb2 Rxb2 54. b7 g3 55. Bd5 Kf6 56. Kg1 Kg5 57. Bc6 h4 58. Bd5 h3 0-1

[Event "27th Klatovy B 2019"]
[Site "Klatovy CZE"]
[Date "2019.07.01"]
[Round "3.5"]
[White "Sedlak, Jakub"]
[Black "Krisman, Ondrej"]
[Result "1/2-1/2"]
[WhiteElo "1737"]
[BlackElo "1546"]
[PlyCount "75"]
[EventDate "2019.06.29"]
[EventType "swiss"]
[EventRounds "9"]
[EventCountry "CZE"]

1. e4 e5 2. Nf3 Nc6 3. Bc4 Bc5 4. d3 Nf6 5. O-O d6 6. Be3 Bg4 7. c3 Bb6 8. h3 Bh5 9. Re1 O-O 10. Nbd2 Qe7 11. Nf1 h6 12. Ng3 Bxe3 13. Rxe3 g6 14. Qd2 Nd8 15. d4 Bxf3 16. Rxf3 Kg7 17. h4 Ne6 18. Bxe6 Qxe6 19. h5 exd4 20. Qxd4 Qe5 21. Re1 Rfe8 22. hxg6 fxg6 23. Qc4 d5 24. Qb3 b6 25. Rfe3 dxe4 26. R3e2 Rad8 27. Nxe4 Nxe4 28. Rxe4 Qxe4 29. Rxe4 Rxe4 30. Qc2 Rde8 31. Qd3 c5 32. f3 Re1+ 33. Kh2 R1e2 34. b4 cxb4 35. cxb4 g5 36. Qd7+ R8e7 37. Qd4+ Kg6 38. Qd6+ 1/2-1/2

[Event "27th Klatovy B 2019"]
[Site "Klatovy CZE"]
[Date "2019.07.01"]
[Round "3.6"]
[White "Vilimek, Vit"]
[Black "Vaclavik, Jan"]
[Result "1/2-1/2"]
[WhiteElo "1529"]
[BlackElo "1733"]
[PlyCount "93"]
[EventDate "2019.06.29"]
[EventType "swiss"]
[EventRounds "9"]
[EventCountry "CZE"]

1. e4 c5 2. Nf3 d6 3. d4 cxd4 4. Nxd4 Nf6 5. Nc3 g6 6. Be3 Bg7 7. f3 O-O 8. Bc4 Nc6 9. Bb3 Bd7 10. Qd2 Nxd4 11. Bxd4 b5 12. O-O-O a5 13. e5 dxe5 14. Bxe5 e6 15. Bxf6 Qxf6 16. Qxd7 a4 17. Bxe6 fxe6 18. Rhe1 a3 19. Rd3 Rad8 20. Qxb5 Rxd3 21. Qxd3 axb2+ 22. Kb1 Qxc3 23. Qxc3 Bxc3 24. Re3 Rc8 25. a4 Kf7 26. g3 g5 27. a5 e5 28. Rd3 Ke6 29. a6 Bd4 30. f4 gxf4 31. gxf4 Rg8 32. c3 Rg1+ 33. Kxb2 Rg2+ 34. Kb3 Ba7 35. fxe5 Rxh2 36. Rd6+ Ke7 37. c4 Rh5 38. Kb4 Rh2 39. Kb5 Rb2+ 40. Kc6 Rb6+ 41. Kc7 Rb4 42. Rc6 h5 43. Rh6 Rxc4+ 44. Kb7 Bd4 45. Rxh5 Ke6 46. Rh4 Kxe5 47. Rxd4 1/2-1/2

[Event "27th Klatovy B 2019"]
[Site "Klatovy CZE"]
[Date "2019.07.01"]
[Round "3.7"]
[White "Bauer, Jan 2005"]
[Black "Zelba, Lukas"]
[Result "1/2-1/2"]
[WhiteElo "1721"]
[BlackElo "1274"]
[PlyCount "35"]
[EventDate "2019.06.29"]
[EventType "swiss"]
[EventRounds "9"]
[EventCountry "CZE"]

1. d4 Nf6 2. Nf3 g6 3. Nc3 d5 4. Bf4 c6 5. e3 Bg7 6. Be2 Nbd7 7. Ne5 Nxe5 8. Bxe5 Be6 9. f3 Rg8 10. Qd2 Bh6 11. Qd3 Nd7 12. Bg3 Nb6 13. b3 Bd7 14. O-O e6 15. e4 Qe7 16. Rfe1 O-O-O 17. Rab1 f6 18. Na4 1/2-1/2

[Event "27th Klatovy B 2019"]
[Site "Klatovy CZE"]
[Date "2019.07.01"]
[Round "3.8"]
[White "Malik, Zdenek"]
[Black "Zak, Jiri1"]
[Result "0-1"]
[WhiteElo "1391"]
[BlackElo "1717"]
[PlyCount "94"]
[EventDate "2019.06.29"]
[EventType "swiss"]
[EventRounds "9"]
[EventCountry "CZE"]

1. e4 c5 2. Nf3 d6 3. d4 cxd4 4. Qxd4 Bd7 5. Nc3 Nc6 6. Qd3 g6 7. Be3 Bg7 8. Qd2 a6 9. Bc4 Nf6 10. Nd4 Ne5 11. Bb3 Neg4 12. Bg5 h6 13. Bh4 Ne5 14. f4 Nc6 15. O-O-O b5 16. Bf2 b4 17. Nce2 Nxe4 18. Qe3 Nxf2 19. Qxf2 O-O 20. Kb1 Rc8 21. Rhg1 Qb6 22. Qe3 e5 23. fxe5 Nxe5 24. Nf5 Qc5 25. Ne7+ Kh7 26. Qxc5 Rxc5 27. Rxd6 Re8 28. Nd5 Bb5 29. Nef4 Nd7 30. Nxb4 Be5 31. Bxf7 Bxd6 32. Bxg6+ Kg7 33. Bxe8 Bxf4 34. Bxd7 Bxd7 35. Nxa6 Rd5 36. Nb4 Rd2 37. g3 Bd6 38. a3 Bc5 39. Re1 Rxh2 40. Nd3 Bd6 41. b4 Ba4 42. c4 Bc2+ 43. Kc1 Bxd3 44. Rd1 Rc2+ 45. Kb1 Rd2+ 46. Kc1 Rxd1+ 47. Kxd1 Bxc4 0-1

[Event "27th Klatovy B 2019"]
[Site "Klatovy CZE"]
[Date "2019.07.01"]
[Round "3.9"]
[White "Kastner, Jan"]
[Black "Rychtecky, Pavel"]
[Result "1-0"]
[WhiteElo "1919"]
[BlackElo "1630"]
[PlyCount "77"]
[EventDate "2019.06.29"]
[EventType "swiss"]
[EventRounds "9"]
[EventCountry "CZE"]

1. d4 Nf6 2. Nf3 e6 3. Bg5 Be7 4. e3 b6 5. Bd3 Bb7 6. Nbd2 d5 7. c3 Nbd7 8. O-O O-O 9. Qc2 c5 10. h3 Qc7 11. Bxh7+ Nxh7 12. Bxe7 Rfe8 13. Bh4 Rac8 14. Bg3 e5 15. Nxe5 Nxe5 16. Bxe5 Qd7 17. Nf3 f6 18. Bg3 Nf8 19. Rad1 c4 20. Rfe1 Kf7 21. Nh4 g6 22. Rd2 Re6 23. Rde2 Rce8 24. Nf3 b5 25. Nd2 Kg7 26. f3 g5 27. e4 Ng6 28. Kf2 Bc6 29. exd5 Rxe2+ 30. Rxe2 Rxe2+ 31. Kxe2 Bxd5 32. Kf2 f5 33. Kf1 Kf6 34. Qd1 f4 35. Bf2 Qe8 36. Qc2 Qe7 37. Ne4+ Kg7 38. Nc5 Bc6 39. Qf5 1-0

[Event "27th Klatovy B 2019"]
[Site "Klatovy CZE"]
[Date "2019.07.01"]
[Round "3.10"]
[White "Svec, Ludek"]
[Black "Jirasek, Jiri"]
[Result "0-1"]
[WhiteElo "1620"]
[BlackElo "1908"]
[PlyCount "60"]
[EventDate "2019.06.29"]
[EventType "swiss"]
[EventRounds "9"]
[EventCountry "CZE"]

1. d4 Nf6 2. c4 e5 3. dxe5 Ng4 4. Nf3 Nc6 5. Bf4 Bb4+ 6. Nc3 f6 7. exf6 Qxf6 8. Qd2 d6 9. Bg3 O-O 10. e3 Be6 11. Be2 Nge5 12. a3 Ba5 13. b4 Bb6 14. Rc1 Rad8 15. Nd5 Bxd5 16. cxd5 Nxf3+ 17. Bxf3 Ne5 18. Bxe5 Qxe5 19. O-O Rf6 20. Qc3 Qg5 21. Bd1 Rdf8 22. Rc2 Bxe3 23. Re2 Bb6 24. Qg3 Qh6 25. Bc2 Bd4 26. Bd3 Be5 27. Qh3 Qxh3 28. gxh3 Rf3 29. Re3 Bd4 30. Be4 Rxf2 0-1

[Event "27th Klatovy B 2019"]
[Site "Klatovy CZE"]
[Date "2019.07.01"]
[Round "3.11"]
[White "Zednik, Zdenek"]
[Black "Boucek, Vlastimil 1968"]
[Result "1-0"]
[WhiteElo "1879"]
[BlackElo "1629"]
[PlyCount "73"]
[EventDate "2019.06.29"]
[EventType "swiss"]
[EventRounds "9"]
[EventCountry "CZE"]

1. d4 d5 2. Nf3 Nf6 3. e3 Bf5 4. Nbd2 e6 5. Be2 Be7 6. c3 h6 7. Qb3 Qc8 8. O-O O-O 9. Ne5 c6 10. Ndf3 Ne4 11. Bd2 f6 12. Nd3 Nd7 13. Rfd1 g5 14. Be1 Qc7 15. Nd2 Nxd2 16. Rxd2 Nb6 17. Nc1 Bg6 18. Bd3 Bxd3 19. Nxd3 Nc4 20. Re2 f5 21. Qc2 Nd6 22. f3 Ne8 23. Bg3 Bd6 24. Be5 Bxe5 25. Nxe5 Nd6 26. Rae1 Rf6 27. b3 Nf7 28. Nd3 Re8 29. e4 dxe4 30. fxe4 f4 31. e5 Rf5 32. Nc5 Qc8 33. Ne4 Rd8 34. Rf2 Kg7 35. Ref1 Kg6 36. g4 fxg3 37. Nxg3 1-0

[Event "27th Klatovy B 2019"]
[Site "Klatovy CZE"]
[Date "2019.07.01"]
[Round "3.12"]
[White "Danek, Vaclav"]
[Black "Kubat, Zbynek"]
[Result "1/2-1/2"]
[WhiteElo "1849"]
[BlackElo "1612"]
[PlyCount "126"]
[EventDate "2019.06.29"]
[EventType "swiss"]
[EventRounds "9"]
[EventCountry "CZE"]

1. e4 e5 2. Nf3 Nc6 3. Bb5 d6 4. O-O Bd7 5. c3 Nf6 6. Re1 a6 7. Ba4 Be7 8. d3 b5 9. Bc2 Qc8 10. Nbd2 h6 11. Nf1 Nh7 12. Ne3 Bg4 13. Nxg4 Qxg4 14. d4 exd4 15. Nxd4 Qxd1 16. Bxd1 Ne5 17. f4 Nd3 18. Re3 Nxc1 19. Rxc1 O-O 20. Nc6 Bf6 21. Bf3 Rae8 22. Rce1 Bd8 23. g3 Nf6 24. R1e2 Nd7 25. e5 dxe5 26. fxe5 Bg5 27. Rd3 Nb8 28. h4 Be7 29. Nxb8 Rxb8 30. Rd7 Bc5+ 31. Kg2 Bb6 32. Bc6 Rbd8 33. Red2 Rde8 34. R7d5 Re6 35. Bd7 Re7 36. b4 f6 37. e6 f5 38. R5d3 h5 39. Rf3 g6 40. Re2 Kg7 41. a4 bxa4 42. Bxa4 Rd8 43. Bb3 Kf6 44. Ra2 Ra8 45. Rd3 a5 46. Bc4 Ra7 47. Rd8 c5 48. Rf8+ Kg7 49. Rf7+ Rxf7 50. exf7 cxb4 51. cxb4 axb4 52. Rxa7 Bxa7 53. Kf3 Bc5 54. Kf4 Kf6 55. Bb3 Bd6+ 56. Ke3 Ke5 57. Bd1 Kf6 58. Bb3 g5 59. hxg5+ Kxg5 60. Kf3 h4 61. gxh4+ Kxh4 62. f8=Q Bxf8 63. Kf4 Kh3 1/2-1/2

[Event "27th Klatovy B 2019"]
[Site "Klatovy CZE"]
[Date "2019.07.01"]
[Round "3.13"]
[White "Matlocha, Lubomir"]
[Black "Vachal, Josef1"]
[Result "0-1"]
[WhiteElo "1663"]
[BlackElo "1827"]
[PlyCount "118"]
[EventDate "2019.06.29"]
[EventType "swiss"]
[EventRounds "9"]
[EventCountry "CZE"]

1. d4 Nf6 2. c4 g6 3. Nc3 d5 4. Nf3 Bg7 5. e3 O-O 6. Be2 dxc4 7. Bxc4 c5 8. O-O cxd4 9. Nxd4 Qc7 10. Be2 a6 11. Qa4 Nbd7 12. Qc4 Qxc4 13. Bxc4 Ne5 14. Be2 Bd7 15. f4 Nc6 16. Bf3 Nxd4 17. exd4 Rab8 18. Be3 Ng4 19. Bxg4 Bxg4 20. h3 Bd7 21. Rac1 e6 22. Ne4 Rfd8 23. Nc5 Bb5 24. Rfd1 b6 25. Ne4 Rd7 26. b3 Rdd8 27. a4 Be8 28. Ng3 b5 29. a5 Rbc8 30. Ne2 Bf8 31. f5 exf5 32. Bg5 Rxc1 33. Rxc1 Ra8 34. Rc7 Bb4 35. Nf4 Bxa5 36. Rc2 Bd8 37. Bh6 Bd7 38. Nd3 Rc8 39. Re2 Bf6 40. Ne5 Be6 41. d5 Bxd5 42. Nd7 Bg7 43. Nb6 Bd4+ 44. Be3 Bxe3+ 45. Rxe3 Rc1+ 46. Kh2 Be4 47. Nd7 Kg7 48. h4 Rc2 49. Rg3 b4 50. h5 Rc3 51. h6+ Kxh6 52. Nf6 Rxg3 53. Kxg3 Bc2 54. Nd5 a5 55. Kf4 Bxb3 56. Ne3 a4 57. g4 fxg4 58. Nxg4+ Kg7 59. Ke5 a3 0-1

[Event "27th Klatovy B 2019"]
[Site "Klatovy CZE"]
[Date "2019.07.01"]
[Round "3.14"]
[White "Simacek, Vaclav"]
[Black "Kalab, Jaromir"]
[Result "0-1"]
[WhiteElo "1809"]
[BlackElo "1577"]
[PlyCount "42"]
[EventDate "2019.06.29"]
[EventType "swiss"]
[EventRounds "9"]
[EventCountry "CZE"]

1. e4 e5 2. Nc3 Nc6 3. f4 exf4 4. Nf3 Bc5 5. d4 Nxd4 6. Nxd4 Qh4+ 7. Ke2 d5 8. Nxd5 Bg4+ 9. Nf3 Qf2+ 10. Kd3 O-O-O 11. Bxf4 Nf6 12. c4 c6 13. Qe2 cxd5 14. cxd5 Nxd5 15. exd5 Rxd5+ 16. Kc4 Rd4+ 17. Kc3 Bb4+ 18. Kc2 Bf5+ 19. Kc1 Rhd8 20. Bd2 Bxd2+ 21. Nxd2 Rxd2 0-1

[Event "27th Klatovy B 2019"]
[Site "Klatovy CZE"]
[Date "2019.07.01"]
[Round "3.15"]
[White "Kirs, Pavel"]
[Black "Flajsman, Petr"]
[Result "0-1"]
[WhiteElo "1567"]
[BlackElo "1799"]
[PlyCount "58"]
[EventDate "2019.06.29"]
[EventType "swiss"]
[EventRounds "9"]
[EventCountry "CZE"]

1. b3 e5 2. Bb2 Nc6 3. e3 Nf6 4. Bb5 d6 5. d4 exd4 6. exd4 a6 7. Be2 Bf5 8. a3 d5 9. Nf3 Bd6 10. O-O O-O 11. Bd3 Ne7 12. Bxf5 Nxf5 13. Qd3 g6 14. Nbd2 c6 15. Rfe1 Qc7 16. h3 Nh5 17. c4 Nf4 18. Qf1 h5 19. c5 Be7 20. g3 Ne6 21. Qe2 Bf6 22. Qd3 Rae8 23. Re2 h4 24. Ne5 hxg3 25. fxg3 Nexd4 26. Bxd4 Nxd4 27. Qxd4 Bxe5 28. Rxe5 Qxe5 29. Qxe5 Rxe5 0-1

[Event "27th Klatovy B 2019"]
[Site "Klatovy CZE"]
[Date "2019.07.01"]
[Round "3.16"]
[White "Kovar, Vaclav 1953"]
[Black "Dubnicka, Augustin 2000"]
[Result "1/2-1/2"]
[WhiteElo "1646"]
[BlackElo "1754"]
[PlyCount "34"]
[EventDate "2019.06.29"]
[EventType "swiss"]
[EventRounds "9"]
[EventCountry "CZE"]

1. d4 d5 2. c4 c6 3. cxd5 cxd5 4. Nc3 e6 5. Nf3 Nf6 6. Bg5 Be7 7. e3 O-O 8. Bd3 Bd7 9. O-O Nc6 10. a3 h6 11. Bh4 Ne4 12. Bxe7 Nxc3 13. bxc3 Qxe7 14. e4 Na5 15. exd5 exd5 16. Ne5 Qd6 17. Nxd7 Qxd7 1/2-1/2

[Event "27th Klatovy B 2019"]
[Site "Klatovy CZE"]
[Date "2019.07.01"]
[Round "3.17"]
[White "Chmelik, Benedikt"]
[Black "Chmelik, Ladislav"]
[Result "0-1"]
[WhiteElo "1558"]
[BlackElo "1771"]
[PlyCount "122"]
[EventDate "2019.06.29"]
[EventType "swiss"]
[EventRounds "9"]
[EventCountry "CZE"]

1. e4 d5 2. exd5 Nf6 3. Bb5+ Bd7 4. Be2 Nxd5 5. Nf3 g6 6. Nc3 Nf4 7. O-O Nxe2+ 8. Qxe2 Bg7 9. d4 O-O 10. Be3 Bg4 11. h3 Bxf3 12. Qxf3 c6 13. Rfd1 e6 14. Ne4 Na6 15. c3 Nc7 16. Bg5 Qd5 17. Bf4 Ne8 18. Re1 Nf6 19. Nxf6+ Bxf6 20. Qxd5 cxd5 21. Be5 Bg5 22. Re2 Rac8 23. Rf1 Be7 24. g4 b5 25. Bg3 Rc4 26. f4 b4 27. Be1 bxc3 28. Bxc3 Bf6 29. Rd2 Rfc8 30. f5 exf5 31. gxf5 g5 32. Re1 Kf8 33. Kf2 Re8 34. Rxe8+ Kxe8 35. Rd3 Kd7 36. Ke3 Bd8 37. Be1 Rc6 38. Ke2 Bb6 39. Bc3 Rh6 40. Rg3 f6 41. Ke3 Rh4 42. Rf3 Re4+ 43. Kd3 h5 44. a3 g4 45. hxg4 hxg4 46. Rg3 Bc7 47. Re3 Rf4 48. Rg3 Re4 49. Re3 g3 50. Rxe4 dxe4+ 51. Ke2 Kc6 52. Kf1 Kd5 53. Kg2 Kc4 54. d5 e3 55. Bxf6 e2 56. Bc3 Be5 57. Be1 Kxd5 58. f6 Bxf6 59. Kxg3 Ke4 60. Kf2 Kd3 61. b4 Bh4+ 0-1

[Event "27th Klatovy B 2019"]
[Site "Klatovy CZE"]
[Date "2019.07.01"]
[Round "3.18"]
[White "Lener, Jaroslav 1975"]
[Black "Kotal, Vit"]
[Result "1-0"]
[WhiteElo "1754"]
[BlackElo "1556"]
[PlyCount "61"]
[EventDate "2019.06.29"]
[EventType "swiss"]
[EventRounds "9"]
[EventCountry "CZE"]

1. Nf3 c5 2. c4 Nc6 3. Nc3 g6 4. g3 Bg7 5. Bg2 e6 6. Ne4 d6 7. O-O Nge7 8. d3 O-O 9. Bf4 f5 10. Nxd6 e5 11. Nxc8 exf4 12. Nxe7+ Qxe7 13. gxf4 Bxb2 14. Rb1 Bg7 15. Ng5 Kh8 16. Bd5 Nd8 17. e3 Rb8 18. Qf3 Rf6 19. Qh3 h6 20. Kh1 Rd6 21. Rg1 Bf8 22. Rg2 b5 23. Rbg1 Rbb6 24. e4 bxc4 25. Bxc4 fxe4 26. Nxe4 Rd4 27. f3 Qe8 28. f5 g5 29. Rxg5 Nf7 30. Rg8+ Kh7 31. R1g7+ 1-0